Species diversity in space and time / (Registro nro. 377)

Detalles MARC
000 -CABECERA
Campo de control 00921nam a2200301 a 4500
005 - FECHA Y HORA DE LA ULTIMA TRANSACCION
Campo de control 20191224041526.0
008 - ELEMENTOS DE LONGITUD FIJA—INFORMACION GENERAL
Campo de control 140220t1995 -ukd fr|||| 001 0 eng d
020 ## - ISBN
ISBN 0521499526
040 ## - FUENTE DE CATALOGACIÓN
Agencia catalogadora original CO-BoIAVH
Agencia transcriptora CO-BoIAVH
041 0# - IDIOMA
Código de idioma para texto/pista de sonido o título separado Inglés
044 ## - PAÍS DE PUBLICACIÓN
País de publicación
082 04 - NUMERO DE CLASIFICACION DECIMAL DEWEY
Número de clasificación 570.9
Número del ítem R81s
100 1# - ASIENTO PRINCIPAL--NOMBRE PERSONAL
Nombre personal Rosenzweig, Michael L.
9 (RLIN) 7556
245 1# - MENCION DE TITULO
Título Species diversity in space and time /
Mención de responsabilidad Michael L. Rosenzweig
260 ## - PUBLICACION, DISTRIBUCION, ETC. (PIE DE IMPRENTA)
Lugar de publicación, distribución, etc. Reino Unido:
Nombre del editor, distribuidor, etc. Cambridge University Press,
Fecha de publicación, distribución, etc. c1995.
300 ## - DESCRIPCION FISICA
Extensión 436 páginas :
Otros detalles físicos Gráficas ;
Dimensiones 23 x 16 cm.
650 #6 - ASIENTO SECUNDARIO DE MATERIA - TERMINO TEMATICO
Término temático o nombre geográfico como elemento de entrada Biodiversidad
9 (RLIN) 48565
650 #6 - ASIENTO SECUNDARIO DE MATERIA - TERMINO TEMATICO
Término temático o nombre geográfico como elemento de entrada Ecología de poblaciones
9 (RLIN) 3557
650 #6 - ASIENTO SECUNDARIO DE MATERIA - TERMINO TEMATICO
Término temático o nombre geográfico como elemento de entrada Especiación biológica
9 (RLIN) 7246
650 #6 - ASIENTO SECUNDARIO DE MATERIA - TERMINO TEMATICO
Término temático o nombre geográfico como elemento de entrada Evolución
9 (RLIN) 48567
650 #6 - ASIENTO SECUNDARIO DE MATERIA - TERMINO TEMATICO
Término temático o nombre geográfico como elemento de entrada Extinción
9 (RLIN) 1360
650 #6 - ASIENTO SECUNDARIO DE MATERIA - TERMINO TEMATICO
Término temático o nombre geográfico como elemento de entrada Coevolución
9 (RLIN) 7461
650 #6 - ASIENTO SECUNDARIO DE MATERIA - TERMINO TEMATICO
Término temático o nombre geográfico como elemento de entrada Hábitat
9 (RLIN) 48568
650 #6 - ASIENTO SECUNDARIO DE MATERIA - TERMINO TEMATICO
Término temático o nombre geográfico como elemento de entrada Paleobiología
9 (RLIN) 7559
650 #6 - ASIENTO SECUNDARIO DE MATERIA - TERMINO TEMATICO
Término temático o nombre geográfico como elemento de entrada Dinámica poblacional
9 (RLIN) 608
650 #6 - ASIENTO SECUNDARIO DE MATERIA - TERMINO TEMATICO
Término temático o nombre geográfico como elemento de entrada Flujo de energía
9 (RLIN) 7561
942 ## - ELEMENTOS ADICIONALES (KOHA)
Tipo de ítem Libro
Sistema de clasificación Dewey Decimal Classification
Existencias
Withdrawn status Lost status Sistema de Clasificación Damaged status No para préstamo Colección Inventariado Ubicación Permanente Ubicación actual Fecha de adquisición Fuente de Valor Valor Total Checkouts Número topográfico Inventario / Código de Barras Date last seen Date checked out Ejemplar Price effective from Forma de adquisición Tipo de material
    Dewey Decimal Classification     General Inventariado 2017 Bogotá Bogotá 01/02/1998 Instituto 39000.00 1 LB-570.9 R81s 023095 08/01/2019 18/12/2018 Ej. 1 04/12/2012   Libro
    Dewey Decimal Classification     General Inventariado 2017 Sala Fabio Quevedo Sala Fabio Quevedo 11/06/2002 Instituto 39000.00   LB-570.9 R81s 001432 04/12/2012   Ej. 2 04/12/2012 Compra Libro